German labor courts /

Bibliographic Details
Main Author: Wunderlich, Frieda, 1884-1965
Other Authors: Fraenkel, Ernst, 1898-1975
Format: Book
Language:English
Published: Chapel Hill : The University of North Carolina press, 1946.
Subjects:

MARC

Tag First Indicator Second Indicator Subfields
LEADER 00000cam a2200000 4500
001 in00000065637
005 20151007083520.0
008 750922s1946 ncu b 00000 eng
010 |a  47002213  
035 |a (OCoLC)01648462 
035 |9 AAF9479AM 
040 |a DLC  |c TOL  |d TOL  |d TXA  |d UtOrBLW 
049 |a TXAM  |c [220650] 
050 0 |a HD7888  |b .W9 
092 |a 331.155  |b W965g 
100 1 |a Wunderlich, Frieda,  |d 1884-1965. 
245 1 0 |a German labor courts /  |c by Frieda Wunderlich; with a chapter on The labor courts in the German judicial system, by Ernst Fraenkel. 
264 1 |a Chapel Hill :  |b The University of North Carolina press,  |c 1946. 
300 |a x, 252 pages :  |b including tables. ;  |c 23 cm. 
336 |a text  |b txt  |2 rdacontent 
337 |a unmediated  |b n  |2 rdamedia 
338 |a volume  |b nc  |2 rdacarrier 
504 |a Bibliography: pages [237]-240. 
650 0 |a Labor courts  |z Germany. 
700 1 |a Fraenkel, Ernst,  |d 1898-1975. 
999 |a MARS 
999 f f |s d19fcf3d-a043-35fa-a487-eb163bfdbcca  |i 43aaae81-3e42-3e9e-aa8e-77c12935c30b  |t 0 
952 f f |p ric  |a Texas A&M University  |b Rellis Campus  |c Joint Library Facility  |d Remote Storage  |t 0  |e HD7888 .W9  |h Library of Congress classification  |i unmediated -- volume  |m A14800717036 
998 f f |a HD7888 .W9  |t 0  |l Remote Storage